THE CHARACTERISTICS OF CHILDREN WITH HEARING IMPAIRMENTS EDUCATED IN MAINSTREAM EDUCATION

Bibliographic Details
Main Author: Zborteková, Katarína (Author)
Format: Article
Language:English

MARC

LEADER 00000nab a2200000uu 4500
001 vtls010880488
003 SK-MaSNL
005 20260303145144.0
008 230222|2006 xo |||||||||||||||||eng|
015 |a SNBRB 
035 |a (urnnbn)urn:nbn:sk:snk:ar-005z69 
035 |a (uuid)9aaee9ea-ecbf-4f70-ab85-d76b82fac93c 
035 |a urn:nbn:sk:snk-ab7p2l 
040 |a SNKBUCL  |b slo  |c SNKBUCL  |e AACR2 
041 0 |a eng 
044 |a xo  |c SK 
100 1 |a Zborteková, Katarína  |4 aut  |9 10387 
245 1 0 |a THE CHARACTERISTICS OF CHILDREN WITH HEARING IMPAIRMENTS EDUCATED IN MAINSTREAM EDUCATION  |c Katarína Zborteková 
773 0 |t Pedagogická revue : časopis pre pedagogickú teóriu a prax  |g Roč. 58, č. Special English Number (2006), s. 52-59 
958 |a OND 
958 |a EUIPO 
958 |a article8 
999 |c 2000948  |d 2002878